| 000 | 01398nac a22003257a 4500 | ||
|---|---|---|---|
| 001 | BR8101633 | ||
| 003 | BR-BrBNA | ||
| 005 | 20240105114939.0 | ||
| 008 | 230509b bl.|||m| |||| 00| 0 por d | ||
| 040 |
_aBR-BrBNA _bpor _cBiblioteca Nacional de Agricultura |
||
| 072 | _aE15 | ||
| 090 | _aE15 BR8101633 | ||
| 100 | 1 | _aFreire, J. de M. | |
| 110 | 1 | _aUniversidade Federal do Rio Grande do Sul, Porto Alegre (Brasil). Centro de Estudos e Pesquisas Economicas | |
| 245 | 1 | _aO efeito do credito rural e de taxas de juros associado a mudanca de tecnologia, na renda liquida nas pequenas empresas rurais - Cruzeiro do Sul - Rio Grande do Sul [Brasil] | |
| 246 | 1 | _a[The effect of rural credit and interest fees associated to the technology change, on the net income of small farms - Cruzeiro do Sul - Rio Grande do Sul [Brazil]] | |
| 260 | 3 |
_aPorto Alegre, RS (Brasil): _c1980. |
|
| 300 | _a90 ref. | ||
| 490 |
_aTese de Conclusao dos Cursos de Pos-Graduacao em Economia Rural e Sociologia Rural (Brazil) _vno. 65 _x |
||
| 500 | _a33 ref.; 37 tables; Summary (Pt) | ||
| 502 | _aTese (Pos-Graduacao em Economia Rural e Sociologia Rural) | ||
| 650 | _aMicroeconomia | ||
| 650 | _aCredito rural | ||
| 650 | _aRenda | ||
| 650 | _aEmpresa rural | ||
| 650 | _aCruzeiro do Sul | ||
| 650 | _aRio Grande do Sul | ||
| 909 |
_a202312 _bLúcia Elande _c55 _dLúcia Elande |
||
| 942 |
_2AGRIS _n0 _cMS |
||
| 999 |
_c272193 _d272193 |
||